000 00901nam a22003017a 4500
001 BR7803870
003 BR-BrBNA
005 20230928085630.0
007 ta
008 230509b bl.||||| |||| 00| 0 por d
040 _aBR-BrBNA
_bpor
_cBiblioteca Nacional de Agricultura
041 _a(Por)
072 _aH20
_b0120
_b4120
_b4110
_b4150
090 _ 0120 BR7803870
100 1 _aLeon, C. de (Centro Internacional do Melhoramento do Milho e Trigo, Mexico (Mexico))
110 1 _aFundacao Cargill, Sao Paulo, SP (Brasil)
_94794
245 1 _aMolestias do milho. Guia para sua identificacao no campo [Fungo; Bacteria; Virus]
260 3 _aSao Paulo, SP (Brasil):
_c1978.
300 _a95 p.
500 _a65 illus.
650 _aDoenca de planta
650 _aMilho
650 _aFungo
650 _aBacteria
650 _aVirus
909 _a202309
_bLucia
_c55
_dLucia Elande
942 _cBK
999 _c25480
_d25480